000 00484nam a2200169Ia 4500
008 090711s9999 xx 000 0 und d
082 _b54914
100 _aपरदेशी दिलीप
245 _aमन धुवा धार
260 _c1986
300 _a68
600 _aपरदेशी दिलीप
630 _aमन धुवा धार
700 _aपरदेशी दिलीप
730 _aमन धुवा धार
942 _cBOOK
999 _c307135
_d307135